Statistics for World Athletics Championships Host Cities

Click here to take the quiz!

General Stats

  • This quiz has been taken 54 times
  • The average score is 12 of 19

Answer Stats

YearCity% Correct
2009Berlin
89%
2017London
89%
2003Paris
89%
2015Beijing
86%
1987Rome
84%
1991Tokyo
84%
1983Helsinki
75%
2005Helsinki
75%
2013Moscow
73%
1997Athens
70%
2019Doha
70%
2022Eugene
68%
2007Osaka
55%
2023Budapest
50%
2011Daegu
39%
2001Edmonton
27%
1995Gothenburg
27%
1999Seville
25%
1993Stuttgart
25%

Score Distribution

Percentile by Number Answered

Percent of People with Each Score

Your Score History

You have not taken this quiz